Tractatus de vera religione, studiosae sacrae theologiae juventuti in Hispaniae gymnasiis decreto regio tradi jussus

Detalles Bibliográficos
Autor principal: Bailly, Louis 1730-1808
Formato: Libro
Lenguaje:Latin
Publicado: Cervariae Lacetanorum 1808
Edición:Novissima editio
Materias:
Colección:Banco de datos
Acervo:Biblioteca Pública Central del Estado de Durango. Lic. José Ignacio Gallegos Caballero. Colección José Fernando Ramírez
Descripción Física:2 t. 4°
Tema general:Teología dogmática
Notas:Portada con viñeta en grabado xilográfico. Cada tomo con portada y numeración propias. Año de los t.1-2 publicados en 1808. Encuadernación en piel sobre cartón. Ex libris manuscrito en la guarda anterior: "Dn José Jesus Zubira" (1274). Sello en tinta de la Biblioteca del Estado de Durango (1273, 1274). Daños de polilla (1274)
LEADER 01241nam a22001930004500
035 |a 556 
041 0 |a lat 
100 1 |a Bailly, Louis  |d 1730-1808 
245 1 0 |a Tractatus de vera religione, studiosae sacrae theologiae juventuti in Hispaniae gymnasiis decreto regio tradi jussus  |c auctore Ludovico Bailly, sacrae facultatis parisiensis baccalaureo theologo, divisonensis ecclesiae canonico, promotore generali, necnon in Collegio theologiae professore  
250 |a Novissima editio 
260 |a Cervariae Lacetanorum  |b typis Academicis, apud D. Sigismundum Bou et Baranera  |c 1808 
300 |a 2 t.  |c 4° 
500 |a Portada con viñeta en grabado xilográfico. Cada tomo con portada y numeración propias. Año de los t.1-2 publicados en 1808. Encuadernación en piel sobre cartón. Ex libris manuscrito en la guarda anterior: "Dn José Jesus Zubira" (1274). Sello en tinta de la Biblioteca del Estado de Durango (1273, 1274). Daños de polilla (1274) 
504 |a Índice de contenido 
650 1 0 |a Teología dogmática 
949 |a CR. t. 1 (1273); t. 2 (1274) 
942 |c DURANRAM 
943 |g Biblioteca Pública Central del Estado de Durango. Lic. José Ignacio Gallegos Caballero. Colección José Fernando Ramírez 
999 |c 1077486  |d 1077486